Ices Cooperative research report, rapport des recherches collectives | Report of the ICES advisory committee on fishery management, 1997, part 1 (Record no. 32672)

000 -Cabeçalho do registo
Cabeçalho 00667nam 22001813 4500
001 - Identificador do registo
Campo de controlo 32672
100 ## - Dados gerais de processamento
Dados gerais de processamento 20260402d1998 u||y0engy50 ba
101 ## - Língua de publicação
Língua do texto, banda sonora, etc. Inglês
102 ## - Pais de publicação ou produção
País de publicação Dinamarca
200 ## - Titulo e menção de responsabilidade
Título próprio Ices Cooperative research report, rapport des recherches collectives
Informação de outro título Report of the ICES advisory committee on fishery management, 1997, part 1
207 ## - Publicações em Série - Numeração
Numeração: indicação de datas e volumes N.º 223
210 ## - Publicação, Distribuição, etc.
Lugar da edição, distribuição, etc. Dinamarca, Copenhaga
Nome do editor, distribuidor, etc. Internacional Council for the Explration of the Sea
Data da publicação, distribuição, etc. 1998
215 ## - Descrição física
Indicação específica da natureza do documento e extensão da espécie 413 p.
Outras indicações físicas il.
Dimensões 31 cm
300 ## - Notas gerais
Texto da nota Nota: Conselho Internacional para a Exploração do Mar
307 ## - Notas relativas a descrição física
Texto da nota Brochado
345 ## - Nota informativa sobre aquisição
Modalidades de aquisição Oferta
710 ## - Nome de colectividade-autor (responsabilidade principal)
Palavra de ordem Comitê consultivo do ICES sobre gestão da pesca
Holdings
Situação do extravio Data de aquisição Número de registo Biblioteca de aquisição Biblioteca de empréstimo Cota Fim da data de empréstimo Permissão de empréstimo Tipo de documento Forma de aquisição
  2026-04-02 11641 Biblioteca de Algés Biblioteca de Algés 11641 2026-04-02 Emprestado Monografias Oferta

Powered by Koha